000 01080cam a22003015i 4500
001 11395509
003 EG-ScBUE
005 20250612131458.0
008 140708s2015 enka frb 001 0 eng d
020 _a9780198702764
035 _a(WaSeSS)ssj0001436408
040 _aYDXCP
_beng
_erda
_cYDXCP
_dBTCTA
_dBDX
_dOCLCQ
_dOCLCO
_dOCLCQ
_dOCLCF
_dIQU
_dUKMGB
_dCUD
_dLTSCA
_dIUL
_dDLC
_dWaSeSS
_dEG-ScBUE
082 0 4 _222
_a535.2
_bHEN
100 1 _aHe, Guangsheng‏,
_eauthor.
_941758
245 1 0 _aNonlinear optics and photonics /
_cGuang S. He, State University of New York at Buffalo.
264 1 _aOxford, United Kingdom :
_bOxford University Press,
_c2015.
300 _axvii, 631 pages :
_billustrations ;
_c24 cm
336 _2rdacontent
_atext
_btxt
337 _aunmediated
_2rdamedia
_bn
338 _avolume
_bnc
_2rdacarrier
504 _aIncludes bibliographical references and index.
650 7 _aNonlinear optics.
_2BUEsh
_96537
650 7 _aPhotonics.
_2BUEsh
_95752
651 _2BUEsh
653 _bENGGEN
_cDecember2016
655 _vReading book
942 _2ddc
_cBB
999 _c23731
_d23703